000 01223cad a22002295a 4500
001 L147240
008 090417s2009 xxkd f s 000 0 eng d
035 _a(Sirsi) u147240
041 0 _aeng
050 0 4 _a333.337 $2 18
110 2 _aSavills Project Consultancy
_95857
245 0 0 _aCommercial development activity
_bMarch 2009
_h[electronic resource]
260 _aLondon
_bSavills
_c2009
490 0 _aSavills UK Commercial Development Activity
_vMarch 2009
520 _aPresents findings of a monthly survey of the activity and intentions of over 200 UK commercial property developers. The Total Commercial Development Index rose to -15.5 in March, up from -20.4 in February. Although firms in the UK Commercial Property sector are still pessimistic about the outlook over the next three months, levels of pessimism were at their lowest for 13 months.
590 _aKA
650 2 4 _aSAVILLS UK COMMERCIAL DEVELOPMENT ACTIVITY PMI
651 4 _aUnited Kingdom
_y
690 _aPROPERTY-COMMERCIAL PROPERTY-COMMERCIAL PROPERTY MARKET
856 4 0 _uhttps://www.savills.com/research-archive/uk-commercial-development-activity-report-march-2009.pdf
_zView this report free of charge at www.savills.com
942 _n0
999 _c109491
_d109491